Личности ВМВ - Statistics

General Stats
  • This quiz has been taken 714 times
  • The average score is 8 of 15
Answer Stats
Picture Answer % Correct
Адольф Гитлер
100%
Иосиф Сталин
95%
Бенито Муссолини
86%
Франклин Д. Рузвельт
83%
Уинстон Черчилль
83%
Георгий Жуков
73%
Хирохито
72%
Шарль де Голль
48%
Эрвин Роммель
44%
Дуайт Д. Эйзенхауэр
35%
Дуглас МакАртур
28%
Филипп Петен
27%
Бернард Монтгомери
20%
Герман Горинг
4%
Хидеки Тоджо
2%
No matching quizzes found
Score Distribution
Percent of People with Each Score
Percentile by Number Answered
Your Score History
You have not taken this quiz